[Event "Cesme op 5th"]
[Site "Cesme"]
[Date "2017.06.17"]
[Round "8"]
[White "Ainutdinov, Alexander"]
[Black "Tuncer, Tuna"]
[Result "0-1"]
[WhiteElo "2007"]
[BlackElo "2302"]
[PlyCount "104"]
[EventDate "2017.06.12"]
[EventType "swiss"]
[EventRounds "9"]
[EventCountry "TUR"]
[SourceTitle "CBM 178 Extra"]
[Source "ChessBase"]
[SourceDate "2017.06.22"]
[SourceVersion "1"]
[SourceVersionDate "2017.06.22"]
[SourceQuality "1"]

1. e4 g6 2. d4 Bg7 3. Nc3 d6 4. Be3 a6 5. h3 b5 6. a3 Bb7 7. Nf3 Nd7 8. d5 c6 9. Bd4 Ngf6 10. dxc6 Bxc6 11. Bd3 Qb8 12. 0-0 Qb7 13. Re1 0-0 14. Nd2 Rad8 15. Nb3 Qc7 16. Nd5 Nxd5 17. Bxg7 Kxg7 18. exd5 Bxd5 19. Rxe7 Bxb3 20. cxb3 Qb6 21. Rc1 Rfe8 22. Qe1 Ne5 23. Rxe8 Rxe8 24. Qc3 d5 25. Kf1 d4 26. Qd2 Qd6 27. Kg1 Qe6 28. b4 Qxh3 29. gxh3 Nf3+ 30. Kg2 Nxd2 31. Rd1 Ne4 32. Re1 Nf6 33. Rc1 Re6 34. Rc5 Rd6 35. Kf3 Nd7 36. Rc7 Ne5+ 37. Ke2 h5 38. b3 Nxd3 39. Kxd3 h4 40. Rb7 Rf6 41. Kxd4 Rf3 42. a4 Rxb3 43. Kc5 bxa4 44. Ra7 Rxh3 45. Rxa6 Rf3 46. b5 h3 47. Rxa4 h2 48. Ra1 Rxf2 49. b6 Rb2 50. Rh1 g5 51. b7 Rxb7 52. Rxh2 Rd7 0-1

[Event "Izmailov Memorial op 17th"]
[Site "Tomsk"]
[Date "2013.06.17"]
[Round "7"]
[White "Fitiak, Sergey"]
[Black "Ainutdinov, Alexander"]
[Result "1-0"]
[WhiteElo "2209"]
[BlackElo "2049"]
[PlyCount "61"]
[EventDate "2013.06.11"]
[EventType "swiss"]
[EventRounds "9"]
[EventCountry "RUS"]
[SourceTitle "EXT 2014"]
[Source "ChessBase"]
[SourceDate "2013.11.20"]
[SourceVersion "1"]
[SourceVersionDate "2013.11.20"]
[SourceQuality "1"]

1. d4 Nf6 2. c4 g6 3. Nc3 d5 4. cxd5 Nxd5 5. e4 Nxc3 6. bxc3 Bg7 7. Bc4 c5 8. Ne2 0-0 9. 0-0 Nc6 10. Be3 Bg4 11. f3 Na5 12. Bd3 cxd4 13. cxd4 Be6 14. d5 Bxa1 15. Qxa1 f6 16. Bh6 Re8 17. Kh1 Rc8 18. Nf4 Bd7 19. e5 Nc4 20. e6 Ba4 21. Nxg6 Ne5 22. Nxe5 Qxd5 23. Re1 Red8 24. Re4 Be8 25. Rg4+ Bg6 26. Nxg6 hxg6 27. Rxg6+ Kh7 28. Rxf6+ Qxd3 29. Rf7+ Kxh6 30. Qg7+ Kh5 31. g4+ 1-0

[Event "Izmailov Memorial op 17th"]
[Site "Tomsk"]
[Date "2013.06.15"]
[Round "5"]
[White "Yanuchenko, Polina"]
[Black "Ainutdinov, Alexander"]
[Result "0-1"]
[WhiteElo "1848"]
[BlackElo "2049"]
[PlyCount "52"]
[EventDate "2013.06.11"]
[EventType "swiss"]
[EventRounds "9"]
[EventCountry "RUS"]
[SourceTitle "CBM 154 Extra"]
[Source "ChessBase"]
[SourceDate "2013.06.25"]
[SourceVersion "2"]
[SourceVersionDate "2013.06.25"]
[SourceQuality "1"]

1. Nf3 Nf6 2. g3 g6 3. Bg2 Bg7 4. 0-0 0-0 5. d4 d5 6. c4 c6 7. b3 Bf5 8. Nc3 Ne4 9. Bb2 Nxc3 10. Bxc3 Be4 11. e3 Nd7 12. Bh3 dxc4 13. bxc4 Bf5 14. Bxf5 gxf5 15. Qd3 e6 16. Rad1 Rc8 17. Kg2 Qe7 18. Rb1 b6 19. h4 Rfd8 20. Rbd1 Nc5 21. Qe2 Ne4 22. Bb2 Rd7 23. Ne5 Bxe5 24. dxe5 Rcd8 25. f3 Rd2 26. Rxd2 Rxd2 0-1

[Event "Tashkent Hokim Cup 4th"]
[Site "Tashkent"]
[Date "2012.08.02"]
[Round "5"]
[White "Gevorgyan, Irina"]
[Black "Ainutdinov, Alexander"]
[Result "0-1"]
[WhiteElo "2178"]
[BlackElo "2054"]
[PlyCount "114"]
[EventDate "2012.07.29"]
[EventType "swiss"]
[EventRounds "9"]
[EventCountry "UZB"]
[SourceTitle "EXT 2024"]
[Source "ChessBase"]
[SourceDate "2023.10.10"]
[SourceVersion "1"]
[SourceVersionDate "2023.10.10"]
[SourceQuality "1"]

1. c4 Nf6 2. Nc3 d5 3. cxd5 Nxd5 4. Nf3 g6 5. g3 Bg7 6. Bg2 0-0 7. 0-0 Nb6 8. d3 c5 9. Be3 Na6 10. Nd2 e5 11. Rc1 Qe7 12. Nce4 Nd5 13. Bxc5 Nxc5 14. Nxc5 Nb4 15. Qa4 Nc6 16. e3 Rd8 17. Rfd1 Rb8 18. b4 a6 19. a3 Na7 20. Nde4 Nb5 21. Nc3 Bg4 22. Re1 Nxc3 23. Rxc3 Bd7 24. Qc2 Bc8 25. Rc1 b6 26. Ne4 Bf5 27. Rc7 Rd7 28. Rc8+ Rd8 29. Rxb8 Rxb8 30. Qa4 Rc8 31. Rxc8+ Bxc8 32. Qc6 Qd8 33. Qd6 Qxd6 34. Nxd6 Be6 35. Ne8 Bf8 36. Nc7 a5 37. bxa5 bxa5 38. Nb5 Bb3 39. f4 exf4 40. gxf4 Ba4 41. Bc6 Bxb5 42. Bxb5 Bxa3 43. Kf2 Kf8 44. e4 Bc5+ 45. Kf3 Ke7 46. e5 h6 47. Ke4 f6 48. d4 Bb4 49. d5 fxe5 50. fxe5 Ba3 51. Ba4 Bc5 52. h3 Ba3 53. Bc2 Bb4 54. Kd4 g5 55. Bd1 a4 56. Bxa4 h5 57. Ke4 g4 0-1

[Event "Tashkent Hokim Cup 4th"]
[Site "Tashkent"]
[Date "2012.07.30"]
[Round "2"]
[White "Ainutdinov, Alexander"]
[Black "Dzhumaev, Marat"]
[Result "0-1"]
[WhiteElo "2054"]
[BlackElo "2499"]
[PlyCount "38"]
[EventDate "2012.07.29"]
[EventType "swiss"]
[EventRounds "9"]
[EventCountry "UZB"]
[SourceTitle "EXT 2024"]
[Source "ChessBase"]
[SourceDate "2023.10.10"]
[SourceVersion "1"]
[SourceVersionDate "2023.10.10"]
[SourceQuality "1"]

1. e4 g6 2. d4 d6 3. Nc3 c6 4. Be3 Nf6 5. h3 Bg7 6. Nf3 0-0 7. a4 Nbd7 8. Bd3 e5 9. 0-0 Re8 10. Re1 Nf8 11. Qd2 Qc7 12. Red1 Ne6 13. Bf1 Bf8 14. g3 b6 15. b4 Bb7 16. d5 cxd5 17. Nxd5 Nxe4 18. Nxc7 Nxd2 19. Nxd2 Nxc7 0-1

[Event "Paris-ch op-B 87th"]
[Site "Paris"]
[Date "2012.07.14"]
[Round "8"]
[White "Ainutdinov, Alexander"]
[Black "Castro, John"]
[Result "0-1"]
[WhiteElo "2054"]
[BlackElo "2183"]
[PlyCount "54"]
[EventDate "2012.07.07"]
[EventType "swiss"]
[EventRounds "9"]
[EventCountry "FRA"]
[SourceTitle "EXT 2013"]
[Source "ChessBase"]
[SourceDate "2012.11.22"]
[SourceVersion "1"]
[SourceVersionDate "2012.11.22"]
[SourceQuality "1"]

1. e4 c5 2. Nf3 Nc6 3. d4 cxd4 4. Nxd4 Nf6 5. Nc3 d6 6. Bc4 Bd7 7. 0-0 g6 8. h3 Bg7 9. Be3 0-0 10. Re1 Rc8 11. Bf1 a6 12. a4 Qc7 13. Nd5 Nxd5 14. exd5 Na5 15. b3 b5 16. Rc1 Rfe8 17. c4 Qb8 18. Qd2 Nb7 19. cxb5 axb5 20. Bxb5 Bxb5 21. Nxb5 Nc5 22. Na3 Qb4 23. Nc4 Na6 24. Nb6 Rc3 25. Nc4 Nc5 26. Bd4 Rxc1 27. Qxb4 Nd3 0-1

[Event "Paris-ch op-B 87th"]
[Site "Paris"]
[Date "2012.07.10"]
[Round "4"]
[White "Ainutdinov, Alexander"]
[Black "Djordjevic, Vladimir"]
[Result "1-0"]
[WhiteElo "2054"]
[BlackElo "1942"]
[PlyCount "79"]
[EventDate "2012.07.07"]
[EventType "swiss"]
[EventRounds "9"]
[EventCountry "FRA"]
[SourceTitle "EXT 2013"]
[Source "ChessBase"]
[SourceDate "2012.11.22"]
[SourceVersion "1"]
[SourceVersionDate "2012.11.22"]
[SourceQuality "1"]

1. e4 e6 2. d4 d5 3. Nd2 Nf6 4. e5 Nfd7 5. Bd3 c5 6. c3 Nc6 7. Ne2 Qb6 8. Nf3 f6 9. exf6 Nxf6 10. 0-0 Bd6 11. Re1 0-0 12. Ng3 Bd7 13. b3 cxd4 14. cxd4 Bb4 15. Re2 Rae8 16. Bb2 Bd6 17. Ne5 Nb4 18. Nxd7 Nxd7 19. Bb1 Nf6 20. a3 Nc6 21. Qd3 e5 22. dxe5 Bxe5 23. Ba2 Bxb2 24. Rxb2 Ne5 25. Qd2 Nfg4 26. Rf1 Kh8 27. h3 Nf6 28. Rc2 d4 29. b4 d3 30. Rc3 h5 31. Qg5 Nf7 32. Bxf7 Rxf7 33. Rxd3 Qe6 34. Re3 Qc6 35. Rxe8+ Qxe8 36. Nxh5 Ne4 37. Re1 Qc6 38. Qd8+ Kh7 39. Qd3 Re7 40. Ng3 1-0

[Event "Paris-ch op-B 87th"]
[Site "Paris"]
[Date "2012.07.09"]
[Round "3"]
[White "Caille, Vincent"]
[Black "Ainutdinov, Alexander"]
[Result "1-0"]
[WhiteElo "1903"]
[BlackElo "2054"]
[PlyCount "101"]
[EventDate "2012.07.07"]
[EventType "swiss"]
[EventRounds "9"]
[EventCountry "FRA"]
[SourceTitle "EXT 2013"]
[Source "ChessBase"]
[SourceDate "2012.11.22"]
[SourceVersion "1"]
[SourceVersionDate "2012.11.22"]
[SourceQuality "1"]

1. e4 e5 2. Nf3 Nc6 3. Bc4 Nf6 4. d4 exd4 5. 0-0 Nxe4 6. Re1 d5 7. Bxd5 Qxd5 8. Nc3 Qa5 9. Nxe4 Be6 10. Neg5 0-0-0 11. Nxe6 fxe6 12. Rxe6 Bd6 13. Qe2 Qh5 14. h3 Rde8 15. Kf1 Kd7 16. Rxe8 Rxe8 17. Qd3 Ne5 18. Qb5+ Kc8 19. Bf4 a6 20. Qa5 g5 21. Bxe5 g4 22. hxg4 Qh1+ 23. Ng1 Rxe5 24. Qd2 Bc5 25. Qf4 Bd6 26. Qxd4 Re8 27. Rd1 Kb8 28. g3 b6 29. Qd5 Qh2 30. Qh5 Qxh5 31. gxh5 Re5 32. g4 Kb7 33. Kg2 Ra5 34. a3 Rb5 35. b3 Bxa3 36. Rd7 h6 37. Rh7 Bc1 38. Ne2 Bd2 39. f4 Rc5 40. c4 b5 41. cxb5 Rxb5 42. Rxh6 Rxb3 43. g5 Re3 44. Kf2 Re8 45. Rf6 a5 46. g6 a4 47. g7 a3 48. Rf8 a2 49. Rxe8 a1Q 50. g8Q Qe1+ 51. Kg2 1-0

[Event "Berdsk Maestro op 15th"]
[Site "Berdsk"]
[Date "2009.07.12"]
[Round "5"]
[White "Ainutdinov, Alexander"]
[Black "Parkhomenko, Alexander"]
[Result "1-0"]
[WhiteElo "2099"]
[BlackElo "1967"]
[PlyCount "97"]
[EventDate "2009.07.08"]
[EventType "swiss"]
[EventRounds "9"]
[EventCountry "RUS"]
[SourceTitle "EXT 2022"]
[Source "ChessBase"]
[SourceDate "2021.10.06"]
[SourceVersion "1"]
[SourceVersionDate "2021.10.06"]
[SourceQuality "1"]

1. e4 c5 2. Nf3 Nc6 3. d4 cxd4 4. Nxd4 Nf6 5. Nc3 e5 6. Ndb5 d6 7. Nd5 Nxd5 8. exd5 Ne7 9. c4 Nf5 10. Bd3 a6 11. Nc3 Be7 12. 0-0 0-0 13. Kh1 g6 14. f4 f6 15. g4 Ng7 16. f5 g5 17. Be3 Bd7 18. Ne4 Ne8 19. b4 b6 20. a4 Rb8 21. Qd2 h6 22. a5 b5 23. c5 Rf7 24. Rfe1 Bc8 25. c6 Nc7 26. Ba7 Ra8 27. Bb6 Bf8 28. Ng3 Qe7 29. Be4 Ne8 30. Kg2 Rh7 31. Rh1 Qg7 32. Kf3 Qf7 33. h4 Ng7 34. hxg5 fxg5 35. Nh5 Nxh5 36. Rxh5 Qf6 37. Rah1 Bg7 38. Be3 Rh8 39. Qh2 Qe7 40. Bxg5 Qxg5 41. Rxg5 hxg5 42. Qg2 Ra7 43. Rxh8+ Bxh8 44. Qf2 Re7 45. Qb6 Re8 46. Qc7 Bf6 47. Qxd6 Kf7 48. Qc7+ Kg8 49. d6 1-0

[Event "Izmailov Memorial op 13th"]
[Site "Tomsk"]
[Date "2009.07.01"]
[Round "8"]
[White "Sozin, Stepan"]
[Black "Ainutdinov, Alexander"]
[Result "0-1"]
[WhiteElo "1955"]
[BlackElo "2099"]
[PlyCount "52"]
[EventDate "2009.06.24"]
[EventType "swiss"]
[EventRounds "9"]
[EventCountry "RUS"]
[SourceTitle "EXT 2010"]
[Source "ChessBase"]
[SourceDate "2010.11.25"]
[SourceVersion "1"]
[SourceVersionDate "2010.11.25"]
[SourceQuality "1"]

1. e4 e5 2. Nf3 Nc6 3. Bb5 a6 4. Ba4 Nf6 5. 0-0 Be7 6. c3 Nxe4 7. Re1 b5 8. Bc2 d5 9. d3 Nf6 10. Nxe5 Nxe5 11. Rxe5 0-0 12. d4 Bd6 13. Re1 Ng4 14. h3 Qh4 15. Be3 Re8 16. Qd3 Nxe3 17. Rxe3 Bf5 18. Qxf5 Rxe3 19. g3 Re1+ 20. Kg2 Qh6 21. Qxd5 Rae8 22. a4 Qf6 23. axb5 g6 24. bxa6 R8e2 25. Qf3 Rg1+ 26. Kxg1 Qxf3 0-1

[Event "Izmailov Memorial op 13th"]
[Site "Tomsk"]
[Date "2009.06.27"]
[Round "4"]
[White "Latyev, Yury"]
[Black "Ainutdinov, Alexander"]
[Result "0-1"]
[WhiteElo "1928"]
[BlackElo "2099"]
[PlyCount "50"]
[EventDate "2009.06.24"]
[EventType "swiss"]
[EventRounds "9"]
[EventCountry "RUS"]
[SourceTitle "EXT 2010"]
[Source "ChessBase"]
[SourceDate "2010.11.25"]
[SourceVersion "1"]
[SourceVersionDate "2010.11.25"]
[SourceQuality "1"]

1. e4 e5 2. f4 exf4 3. Nf3 d5 4. exd5 Nf6 5. d4 Nxd5 6. Bc4 Be6 7. Qe2 Be7 8. 0-0 0-0 9. c3 c5 10. Nbd2 Nc6 11. Nb3 cxd4 12. Nfxd4 Nxd4 13. cxd4 Rc8 14. Bd3 Nb4 15. Bxf4 Nxd3 16. Qxd3 Bc4 17. Qe4 Bxf1 18. Rxf1 Bf6 19. Rd1 b6 20. d5 Re8 21. Qa4 Re2 22. d6 Rcc2 23. Qxa7 Qe8 24. Bd2 Rcxd2 25. Nxd2 Re1+ 0-1

[Event "Izmailov Memorial op 13th"]
[Site "Tomsk"]
[Date "2009.06.26"]
[Round "3"]
[White "Ainutdinov, Alexander"]
[Black "Kusluvan, Yekaterina"]
[Result "0-1"]
[WhiteElo "2099"]
[BlackElo "1887"]
[PlyCount "24"]
[EventDate "2009.06.24"]
[EventType "swiss"]
[EventRounds "9"]
[EventCountry "RUS"]
[SourceTitle "EXT 2010"]
[Source "ChessBase"]
[SourceDate "2010.11.25"]
[SourceVersion "1"]
[SourceVersionDate "2010.11.25"]
[SourceQuality "1"]

1. e4 e5 2. Nf3 Nc6 3. Bb5 a6 4. Bxc6 dxc6 5. 0-0 Bg4 6. h3 h5 7. d3 Qf6 8. Nbd2 Ne7 9. Re1 Ng6 10. hxg4 hxg4 11. Nh2 Bc5 12. Rf1 Qh4 0-1

[Event "Izmailov Memorial op 13th"]
[Site "Tomsk"]
[Date "2009.06.24"]
[Round "1"]
[White "Ainutdinov, Alexander"]
[Black "Maletin, Pavel"]
[Result "0-1"]
[WhiteElo "2099"]
[BlackElo "2559"]
[PlyCount "102"]
[EventDate "2009.06.24"]
[EventType "swiss"]
[EventRounds "9"]
[EventCountry "RUS"]
[SourceTitle "EXT 2010"]
[Source "ChessBase"]
[SourceDate "2010.11.25"]
[SourceVersion "1"]
[SourceVersionDate "2010.11.25"]
[SourceQuality "1"]

1. e4 c5 2. Nf3 Nc6 3. d4 cxd4 4. Nxd4 e6 5. c4 Nf6 6. Nc3 Bb4 7. Nxc6 bxc6 8. Bd3 e5 9. 0-0 0-0 10. Bd2 d6 11. a3 Bc5 12. Na4 Bd4 13. Bc3 c5 14. Bxd4 cxd4 15. b4 Bg4 16. f3 Be6 17. g4 Qe7 18. Rf2 Rfc8 19. Rc1 Nd7 20. Nb2 Nf8 21. Bb1 Ng6 22. Ba2 Nf4 23. Rfc2 h5 24. gxh5 Qg5+ 25. Kh1 Bh3 26. Qg1 Qxh5 27. Qg3 d3 28. Rd1 Qh7 29. Rdd2 Ne2 30. Qf2 Ng1 31. Qxg1 d5 32. exd5 e4 33. Qe3 Re8 34. f4 Bg4 35. c5 Qg6 36. Kg1 Be2+ 37. Kf2 Qh6 38. Rxe2 Qxh2+ 39. Ke1 dxe2 40. d6 Qh1+ 41. Kxe2 Qg2+ 42. Qf2 Qg4+ 43. Ke3 Qh3+ 44. Kd4 e3 45. Qe2 Qf5 46. Nd3 Qf6+ 47. Kd5 Qg5+ 48. Kd4 Re4+ 49. Kc3 a5 50. b5 Rc8 51. c6 Qxb5 0-1

[Event "Izmailov Memorial op-D 12th"]
[Site "Tomsk"]
[Date "2008.07.06"]
[Round "3"]
[White "Volkov, Mikhail"]
[Black "Ainutdinov, Alexander"]
[Result "1/2-1/2"]
[WhiteElo "1882"]
[BlackElo "1887"]
[PlyCount "58"]
[EventDate "2008.07.04"]
[EventType "swiss"]
[EventRounds "9"]
[EventCountry "RUS"]
[SourceTitle "EXT 2022"]
[Source "ChessBase"]
[SourceDate "2021.10.06"]
[SourceVersion "1"]
[SourceVersionDate "2021.10.06"]
[SourceQuality "1"]

1. d4 Nf6 2. Nf3 g6 3. g3 Bg7 4. Bg2 d5 5. 0-0 0-0 6. Re1 c6 7. Nbd2 Bf5 8. Nh4 Be6 9. c3 Qc8 10. Nb3 Bh3 11. Bh1 Nbd7 12. Nf3 Ne4 13. Nbd2 Nxd2 14. Bxd2 e5 15. dxe5 Nxe5 16. Qc1 Re8 17. Bh6 Bh8 18. Nxe5 Rxe5 19. e4 dxe4 20. Bxe4 Qe6 21. Bg2 Bxg2 22. Rxe5 Qxe5 23. Kxg2 Re8 24. Qd2 Bg7 25. Bxg7 Kxg7 26. Rd1 Re7 27. Qd3 h5 28. Rd2 c5 29. c4 Qe4+ 1/2-1/2